| 000 | 00404nam a22001337a 4500 | ||
|---|---|---|---|
| 005 | 20160106121338.0 | ||
| 008 | 160106b xxu||||| |||| 00| 0 eng d | ||
| 040 | _cPK-LaUMT | ||
| 082 |
_aMMC 954.91 _bMUS- |
||
| 245 |
_aMuslim students and Pakistan movement selected documents (1937-1947 _cSarfaraz Hussain(Complied |
||
| 260 |
_aLahore _bUniversity of the Punjab _c1989 |
||
| 300 | _a193 p. | ||
| 942 | _cBK | ||
| 999 |
_c81208 _d81208 |
||